000 00752nam a22002417a 4500
001 3782
003 FISKH
005 20240507133753.0
008 240507b cb ||||| |||| 00| 0 eng d
040 _aFISK
_bFISK
_ceng
_dFISK
050 _aPZ7.B14032
082 _a543
100 _aM. Baglio Ben
_d1960-
245 _aHound at the hospital /
_cBen M. Baglio
260 _aNew York :
_bScholastic,
_c1998
300 _a133 pages :
_billustrations,
_c20 cm
505 _aM
520 _aWhen Mandy and James observe SPCA inspector Danny Davies and his beagle, Sasha, on patrol, things taken an unexpected turn when Sasha is injured.
521 8 _a640
_bLexiles,
700 _aBen M. Baglio
942 _2ddc
_cBK
_n0
999 _c3782
_d3782